[Event "Festival A"]
[Site "Desenzano del Garda ITA"]
[Date "2009.06.12"]
[Round "7"]
[White "Bruno, Fabio"]
[Black "Korneev, Oleg"]
[Result "0-1"]
[WhiteElo "2441"]
[BlackElo "2587"]
[PlyCount "106"]
[EventDate "2009.06.06"]

1. Nf3 d5 2. d4 Nf6 3. e3 e6 4. Bd3 b6 5. O-O Bb7 6. Ne5 c5 7. c3 Nbd7 8. f4 g6
9. Nd2 Bg7 10. b4 c4 11. Bc2 b5 12. a4 a6 13. Qf3 O-O 14. a5 Qe7 15. Nxd7 Qxd7
16. Rf2 Ne8 17. Nf1 Nd6 18. Bd2 Ne4 19. Re2 f5 20. g4 e5 21. gxf5 Qxf5 22. Ng3
Ng5 23. Nxf5 Nxf3+ 24. Kg2 Nxd2 25. Nxg7 Kxg7 26. Rxd2 exf4 27. exf4 Rae8 28.
Rf1 Bc8 29. Kg3 Re3+ 30. Rf3 Rxf3+ 31. Kxf3 g5 32. Rg2 Rxf4+ 33. Ke3 h6 34. Rf2
Rh4 35. Kd2 Rh3 36. Bd1 Be6 37. Be2 Kg6 38. Bf1 Rh4 39. Bg2 Kg7 40. h3 h5 41.
Rf3 g4 42. hxg4 Rxg4 43. Bh3 Rg6 44. Bxe6 Rxe6 45. Rf5 h4 46. Rxd5 h3 47. Rh5
Rh6 48. Rg5+ Kf6 49. Rg1 h2 50. Rh1 Kf5 51. Ke2 Ke4 52. d5 Kxd5 53. Ke3 Ke5 0-1

[Event "Festival A"]
[Site "Desenzano del Garda ITA"]
[Date "2009.06.12"]
[Round "7"]
[White "Dvirnyy, Danyyil"]
[Black "Sulava, Nenad"]
[Result "0-1"]
[WhiteElo "2459"]
[BlackElo "2521"]
[PlyCount "82"]
[EventDate "2009.06.06"]

1. e4 e6 2. d4 d5 3. Nc3 Nf6 4. Bg5 dxe4 5. Nxe4 Nbd7 6. Nf3 h6 7. Nxf6+ Nxf6
8. Be3 a6 9. Ne5 b6 10. Be2 Bb7 11. Bf3 Qc8 12. O-O Bd6 13. Qe2 O-O 14. Rfd1
Nd5 15. Bd2 Ne7 16. c4 Bxe5 17. dxe5 Ng6 18. Bc3 Bxf3 19. Qxf3 Rd8 20. g3 a5
21. b3 Rxd1+ 22. Rxd1 Qe8 23. Qd3 Qc6 24. a4 Ne7 25. f3 Nf5 26. Qe4 Qc5+ 27.
Bd4 Qf8 28. g4 Ne7 29. Bc3 Ng6 30. Rd7 Rd8 31. Rxc7 Rd1+ 32. Kf2 Qd8 33. Ra7
Qh4+ 34. Kg2 Qg5 35. Ra8+ Kh7 36. Bd4 Rd2+ 37. Kf1 Rxh2 38. Bf2 Qc1+ 39. Be1
Rh1+ 40. Kf2 Qb2+ 41. Kg3 Qh2# 0-1

[Event "Festival A"]
[Site "Desenzano del Garda ITA"]
[Date "2009.06.12"]
[Round "7"]
[White "Efimov, Igor"]
[Black "Sveshnikov, Evgeny E."]
[Result "1/2-1/2"]
[WhiteElo "2439"]
[BlackElo "2554"]
[PlyCount "96"]
[EventDate "2009.06.06"]

1. Nf3 d5 2. b3 Bg4 3. Bb2 Bxf3 4. exf3 Nf6 5. f4 e6 6. Qf3 Nbd7 7. Nc3 Bb4 8.
g4 O-O 9. O-O-O c6 10. Rg1 Qa5 11. Kb1 Nc5 12. g5 Nfe4 13. Nxe4 Nxe4 14. Bd3
Bxd2 15. Bxe4 dxe4 16. Qxe4 Rfd8 17. Rg3 Qb4 18. Qe5 Qf8 19. c4 Rd7 20. Qe4 Qc5
21. Be5 Rad8 22. Rh3 g6 23. Bf6 Bb4 24. Rhd3 Rxd3 25. Rxd3 Rxd3 26. Qxd3 Qf5
27. Qxf5 exf5 28. Kc2 Kf8 29. Kd3 Ke8 30. Bd4 a6 31. Bc3 Bc5 32. Bd4 Bf8 33. c5
Kd7 34. Kc4 h6 35. Bf6 Ke6 36. Kd4 Kd7 37. b4 Ke6 38. a3 h5 39. h3 Kd7 40. Ke5
a5 41. Kd4 axb4 42. axb4 Kc7 43. Be5+ Kd7 44. Bf6 Kc8 45. Kc4 Kd7 46. Kd4 Kc7
47. Be5+ Kc8 48. Bf6 Kd7 1/2-1/2

[Event "Festival A"]
[Site "Desenzano del Garda ITA"]
[Date "2009.06.12"]
[Round "7"]
[White "Frolyanov, Dmitry"]
[Black "Yakovich, Yuri"]
[Result "1/2-1/2"]
[WhiteElo "2559"]
[BlackElo "2569"]
[PlyCount "26"]
[EventDate "2009.06.06"]

1. d4 d5 2. c4 dxc4 3. Nf3 Nf6 4. e3 e6 5. Bxc4 c5 6. O-O a6 7. dxc5 Qxd1 8.
Rxd1 Bxc5 9. Nbd2 b6 10. Nb3 Be7 11. Be2 Bb7 12. Nfd4 Nc6 13. Nxc6 Bxc6 1/2-1/2

[Event "Festival A"]
[Site "Desenzano del Garda ITA"]
[Date "2009.06.12"]
[Round "7"]
[White "Grabarczyk, Miroslaw"]
[Black "Romanishin, Oleg M."]
[Result "1/2-1/2"]
[WhiteElo "2469"]
[BlackElo "2501"]
[PlyCount "26"]
[EventDate "2009.06.06"]

1. d4 Nf6 2. c4 e6 3. Nc3 Bb4 4. Qc2 c5 5. dxc5 Bxc5 6. Nf3 Nc6 7. Bg5 Qa5 8.
Bd2 Qc7 9. e3 b6 10. Be2 Bb7 11. Nb5 Qb8 12. Bc3 a6 13. Nbd4 Be7 1/2-1/2

[Event "Festival A"]
[Site "Desenzano del Garda ITA"]
[Date "2009.06.12"]
[Round "7"]
[White "Khairullin, Ildar"]
[Black "Rombaldoni, Axel"]
[Result "1-0"]
[WhiteElo "2606"]
[BlackElo "2363"]
[PlyCount "69"]
[EventDate "2009.06.06"]

1. c4 e6 2. d4 d5 3. Nf3 c6 4. Qc2 Nf6 5. g3 Nbd7 6. Bg2 Ne4 7. O-O Be7 8. Ne1
f5 9. b3 O-O 10. Nd3 Bf6 11. Bb2 Qe7 12. e3 dxc4 13. bxc4 e5 14. f3 Nd6 15. Nd2
g6 16. Rfe1 Qg7 17. Ba3 Be7 18. Qc3 exd4 19. exd4 Bf6 20. Ne5 c5 21. f4 Rd8 22.
Bd5+ Kh8 23. dxc5 Ne8 24. Ndf3 Nxe5 25. Nxe5 Nc7 26. Bg2 Rb8 27. Bb2 Kg8 28.
Rad1 Be6 29. Rxd8+ Rxd8 30. Bxb7 g5 31. Bg2 h6 32. Qc2 Kh7 33. Nc6 Rg8 34. Rxe6
Bxb2 35. Re7 1-0

[Event "Festival A"]
[Site "Desenzano del Garda ITA"]
[Date "2009.06.12"]
[Round "7"]
[White "Naumkin, Igor"]
[Black "Malaniuk, Vladimir P."]
[Result "0-1"]
[WhiteElo "2488"]
[BlackElo "2523"]
[PlyCount "82"]
[EventDate "2009.06.06"]

1. d4 f5 2. Nf3 Nf6 3. g3 g6 4. Bg2 Bg7 5. O-O O-O 6. c4 d6 7. Nc3 Qe8 8. d5
Na6 9. Nd4 Bd7 10. b3 c6 11. Bb2 Rc8 12. e3 Qf7 13. Qe2 Nc5 14. Rad1 Nce4 15.
dxc6 bxc6 16. Qc2 Nxc3 17. Bxc3 Ne4 18. Bb2 c5 19. Ne2 Bxb2 20. Qxb2 Bc6 21.
Nf4 Rb8 22. f3 Nf6 23. Qc3 g5 24. Nd3 g4 25. fxg4 Bxg2 26. Kxg2 Nxg4 27. Nf4 a5
28. h3 Nf6 29. Qxa5 Ne4 30. Qe1 Kh8 31. Kh2 Rg8 32. Rg1 Rg7 33. Rg2 Rbg8 34. b4
Qxc4 35. bxc5 Nxc5 36. Qf2 Ne4 37. Qb2 e5 38. Ne2 Qf7 39. a4 Qh5 40. Qc2 Rg6
41. g4 Qh4 0-1

[Event "Festival A"]
[Site "Desenzano del Garda ITA"]
[Date "2009.06.12"]
[Round "7"]
[White "Valsecchi, Alessio"]
[Black "Rombaldoni, Denis"]
[Result "1-0"]
[WhiteElo "2363"]
[BlackElo "2442"]
[PlyCount "83"]
[EventDate "2009.06.06"]

1. e4 c5 2. Nf3 e6 3. d4 cxd4 4. Nxd4 a6 5. Nc3 Qc7 6. Bd3 Nc6 7. Be3 Nf6 8.
O-O Ne5 9. h3 Bc5 10. a4 d6 11. Qe2 O-O 12. f4 Ng6 13. a5 Bd7 14. Rae1 Qxa5 15.
e5 Qb6 16. Bxg6 hxg6 17. Qf2 dxe5 18. fxe5 Nd5 19. Nxd5 exd5 20. Nf5 Bxf5 21.
Bxc5 Qxb2 22. Bxf8 Rxf8 23. e6 fxe6 24. g4 Rc8 25. gxf5 Rxc2 26. Qg3 Qb6+ 27.
Kh1 gxf5 28. Rg1 Rc7 29. Rc1 f4 30. Qg5 Qd6 31. Qg6 Kf8 32. Rxc7 Qxc7 33. Qxe6
Qc3 34. Rf1 g5 35. h4 Qg3 36. Qf6+ Ke8 37. Qxg5 Qh3+ 38. Kg1 Qe3+ 39. Kh2 Qe2+
40. Qg2 Qe5 41. Qf3 Qb2+ 42. Rf2 1-0

[Event "Festival A"]
[Site "Desenzano del Garda ITA"]
[Date "2009.06.13"]
[Round "8"]
[White "Drazic, Sinisa"]
[Black "Brunello, Sabino"]
[Result "1-0"]
[WhiteElo "2533"]
[BlackElo "2477"]
[PlyCount "61"]
[EventDate "2009.06.06"]

1. c4 Nf6 2. Nc3 e6 3. e4 d5 4. e5 Ne4 5. Nf3 Be7 6. cxd5 exd5 7. Nxe4 dxe4 8.
Qa4+ Nc6 9. Qxe4 Be6 10. Bc4 Qd7 11. Bxe6 Qxe6 12. O-O f5 13. Qa4 O-O-O 14. d4
h6 15. Bd2 g5 16. Bc3 f4 17. Rfd1 Rd5 18. b4 a6 19. Rab1 Rhd8 20. b5 axb5 21.
Rxb5 Rxb5 22. Qxb5 Qxa2 23. d5 Qc2 24. Qf1 Qxc3 25. Rc1 Qa5 26. dxc6 bxc6 27.
Qc4 Bc5 28. h3 Bb6 29. Qxc6 Kb8 30. e6 Qa3 31. Re1 1-0

[Event "Festival A"]
[Site "Desenzano del Garda ITA"]
[Date "2009.06.13"]
[Round "8"]
[White "Korneev, Oleg"]
[Black "Rasmussen, Allan Stig"]
[Result "1/2-1/2"]
[WhiteElo "2587"]
[BlackElo "2501"]
[PlyCount "39"]
[EventDate "2009.06.06"]

1. e4 c6 2. d4 d5 3. Nc3 dxe4 4. Nxe4 Nd7 5. c3 Ngf6 6. Nxf6+ Nxf6 7. Bc4 Qc7
8. Qb3 e6 9. Nf3 Bd6 10. O-O O-O 11. Bg5 b6 12. Rfe1 Bb7 13. Bd3 h6 14. Bxf6
gxf6 15. c4 Kh8 16. Qc3 Kg7 17. c5 Be7 18. g3 Rfd8 19. Bf1 a5 20. a3 1/2-1/2

[Event "Festival A"]
[Site "Desenzano del Garda ITA"]
[Date "2009.06.13"]
[Round "8"]
[White "Malaniuk, Vladimir P."]
[Black "Frolyanov, Dmitry"]
[Result "1/2-1/2"]
[WhiteElo "2523"]
[BlackElo "2559"]
[PlyCount "29"]
[EventDate "2009.06.06"]

1. d4 d5 2. c4 e6 3. Nf3 Nf6 4. Nc3 dxc4 5. e4 Bb4 6. Bg5 c5 7. dxc5 Qxd1+ 8.
Rxd1 O-O 9. Nd2 Nc6 10. Bxc4 Bxc5 11. O-O a6 12. Nb3 Bb4 13. f3 b5 14. Be2 Na5
15. Nxa5 1/2-1/2

[Event "Festival A"]
[Site "Desenzano del Garda ITA"]
[Date "2009.06.13"]
[Round "8"]
[White "Matseyko, Katerina"]
[Black "Abasov, Nijat Azad Oglu"]
[Result "0-1"]
[WhiteElo "2241"]
[BlackElo "2486"]
[PlyCount "66"]
[EventDate "2009.06.06"]

1. e4 Nf6 2. e5 Nd5 3. d4 d6 4. c4 Nb6 5. exd6 exd6 6. Bd3 Be7 7. Nc3 Nc6 8.
Nge2 Bg4 9. Be3 Qd7 10. b3 O-O 11. O-O Rae8 12. a3 f5 13. Qd2 Bf6 14. Ra2 Kh8
15. Bb1 Na5 16. Rb2 Naxc4 17. bxc4 Nxc4 18. Qc1 Nxb2 19. Qxb2 c5 20. h3 Bxe2
21. Nxe2 g5 22. Bxg5 Bxg5 23. dxc5+ Qg7 24. Qc2 Rc8 25. Ng3 Rxc5 26. Qd3 Bf4
27. Nh5 Qg5 28. Qd1 Rc1 29. Qe2 Rfc8 30. g3 Be5 31. f4 Bd4+ 32. Kg2 Rxf1 33.
fxg5 Rxb1 0-1

[Event "Festival A"]
[Site "Desenzano del Garda ITA"]
[Date "2009.06.13"]
[Round "8"]
[White "Romanishin, Oleg M."]
[Black "Khairullin, Ildar"]
[Result "1/2-1/2"]
[WhiteElo "2501"]
[BlackElo "2606"]
[PlyCount "126"]
[EventDate "2009.06.06"]

1. Nf3 Nf6 2. g3 d5 3. Bg2 c6 4. O-O Bg4 5. c4 Nbd7 6. cxd5 cxd5 7. Nc3 e6 8.
Qb3 Qb8 9. d4 Bd6 10. Nd2 O-O 11. e4 dxe4 12. Ndxe4 Nxe4 13. Nxe4 Be2 14. Re1
Ba6 15. Bd2 Be7 16. Bf4 Qd8 17. Nd6 Nb6 18. Nxb7 Qxd4 19. Na5 Bf6 20. Bxa8 Rxa8
21. Be5 Bxe5 22. Nc6 Qxb2 23. Nxe5 Qd4 24. Qa3 Be2 25. Nc6 Qd2 26. Qb4 Qxb4 27.
Nxb4 Bc4 28. Nc2 g6 29. Ne3 Bb5 30. Rec1 a6 31. Rc7 Kg7 32. Rd1 h5 33. h4 Rc8
34. Rxc8 Nxc8 35. f3 Kf6 36. Kf2 Nb6 37. Rd6 Nd7 38. a4 Bxa4 39. Rxa6 Bb5 40.
Ra5 Bc6 41. g4 hxg4 42. fxg4 Kg7 43. g5 Kf8 44. Ng4 Ke7 45. Ra7 Kd6 46. Nh6 Ke7
47. Kg3 e5 48. Ra6 Bb7 49. Ng8+ Kf8 50. Ra7 Bc6 51. Rc7 Ba4 52. Rc8+ Kg7 53.
Ne7 Bb3 54. Rg8+ Kh7 55. Rd8 Be6 56. Nc6 Kg7 57. Re8 Bf5 58. Nxe5 Nxe5 59. Rxe5
Bd3 60. Rc5 Bb1 61. Ra5 Bd3 62. Kf4 Bc4 63. Ke5 Be6 1/2-1/2

[Event "Festival A"]
[Site "Desenzano del Garda ITA"]
[Date "2009.06.13"]
[Round "8"]
[White "Shoker, Samy"]
[Black "Lenic, Luka"]
[Result "1/2-1/2"]
[WhiteElo "2404"]
[BlackElo "2574"]
[PlyCount "115"]
[EventDate "2009.06.06"]

1. g3 e5 2. Bg2 d5 3. d3 c6 4. Nf3 Bd6 5. O-O Nf6 6. e4 O-O 7. Nc3 Nbd7 8. Nh4
Nb6 9. Bg5 Be7 10. Nf5 Bxf5 11. exf5 Ne8 12. Bxe7 Qxe7 13. Qe2 Nd6 14. Rae1
Rfe8 15. f4 Nd7 16. Qf2 Qd8 17. fxe5 Rxe5 18. Rxe5 Nxe5 19. d4 Ng4 20. Qf4 Nf6
21. g4 h6 22. h4 Nfe4 23. Nxe4 Nxe4 24. Bxe4 dxe4 25. Qxe4 Qxh4 26. Kg2 h5 27.
Rf4 Qg5 28. Kh3 Rd8 29. gxh5 Qxh5+ 30. Rh4 Qg5 31. Rg4 Qf6 32. c3 Qd6 33. Qe3
Qf6 34. Qe4 Qh6+ 35. Kg3 Qd6+ 36. Kf2 Qd5 37. Kf3 Kf8 38. Rh4 Qxe4+ 39. Rxe4
Rd6 40. Re5 Rh6 41. Ra5 a6 42. Ra3 Rd6 43. Rb3 Rd7 44. Ke4 Ke7 45. c4 b5 46.
Ra3 bxc4 47. Rxa6 Rb7 48. Rxc6 Rxb2 49. a4 Rb4 50. a5 Ra4 51. a6 Kd7 52. Rb6 c3
53. Kd3 Rxd4+ 54. Kxd4 c2 55. a7 c1=Q 56. Rb7+ Kd6 57. a8=Q Qd2+ 58. Kc4
1/2-1/2

[Event "Festival A"]
[Site "Desenzano del Garda ITA"]
[Date "2009.06.13"]
[Round "8"]
[White "Sulava, Nenad"]
[Black "Grigore, George-Gabriel"]
[Result "1/2-1/2"]
[WhiteElo "2521"]
[BlackElo "2542"]
[PlyCount "45"]
[EventDate "2009.06.06"]

1. d4 Nf6 2. Bg5 Ne4 3. Bf4 c5 4. f3 Qa5+ 5. c3 Nf6 6. d5 Qb6 7. e4 d6 8. Na3
Nbd7 9. Qd2 g6 10. Nh3 Bg7 11. Nf2 a6 12. Be2 Qc7 13. O-O O-O 14. Kh1 b5 15.
Nc2 c4 16. Nd4 Nc5 17. Bh6 e5 18. dxe6 Bxh6 19. Qxh6 fxe6 20. Rad1 e5 21. Nc2
Na4 22. Qc1 Be6 23. Ne3 1/2-1/2

[Event "Festival A"]
[Site "Desenzano del Garda ITA"]
[Date "2009.06.13"]
[Round "8"]
[White "Valsecchi, Alessio"]
[Black "Grabarczyk, Miroslaw"]
[Result "0-1"]
[WhiteElo "2363"]
[BlackElo "2469"]
[PlyCount "174"]
[EventDate "2009.06.06"]

1. e4 e5 2. Nf3 Nc6 3. Bc4 Bc5 4. O-O Nf6 5. d4 Bxd4 6. Nxd4 Nxd4 7. f4 d6 8.
fxe5 dxe5 9. Bg5 Ne6 10. Qxd8+ Kxd8 11. Bxf6+ gxf6 12. Nc3 Nf4 13. g3 Nh3+ 14.
Kh1 Be6 15. Bb3 Ke7 16. Kg2 Ng5 17. h4 Bh3+ 18. Kh2 Bxf1 19. hxg5 Ba6 20. Nd5+
Kf8 21. Nxc7 Rd8 22. Nxa6 bxa6 23. Rf1 Rd6 24. Bd5 Kg7 25. c4 h6 26. gxh6+
Rxh6+ 27. Kg2 Rb6 28. Rf2 Rh8 29. c5 Rb5 30. Rc2 Rc8 31. c6 Rc7 32. b3 a5 33.
a4 Rb4 34. Rc5 Kg6 35. Kf3 f5 36. exf5+ Kxf5 37. Bc4 Rb6 38. g4+ Kf6 39. Bd5
Kg5 40. Rxa5 f6 41. Rc5 Rb8 42. Rb5 Rbc8 43. Rb7 Rxc6 44. Bxc6 Rxc6 45. Ke4 a6
46. b4 Rd6 47. Rg7+ Kh6 48. Rg8 Kh7 49. Rb8 Kg6 50. b5 Rd4+ 51. Kf3 Rxa4 52. b6
Rb4 53. b7 Kg7 54. Ke3 a5 55. g5 fxg5 56. Re8 Rxb7 57. Rxe5 Kg6 58. Rxa5 Rf7
59. Ra1 Rf4 60. Rg1 Kf5 61. Rg2 Ra4 62. Rg1 Rf4 63. Rg2 Rc4 64. Rg1 Rb4 65. Kf3
Rf4+ 66. Ke2 g4 67. Ke3 Kg5 68. Ra1 g3 69. Ra8 Rf1 70. Ke2 Rf2+ 71. Ke3 Kg4 72.
Rh8 Rf5 73. Ke2 g2 74. Rg8+ Kh3 75. Rh8+ Kg3 76. Rg8+ Kh2 77. Rh8+ Kg1 78. Rg8
Rf2+ 79. Ke1 Rf7 80. Rh8 Re7+ 81. Kd2 Re5 82. Kd3 Kf2 83. Rf8+ Kg3 84. Rg8+ Kf3
85. Kd2 Re4 86. Kd3 Rg4 87. Rf8+ Kg3 0-1

[Event "Festival A"]
[Site "Desenzano del Garda ITA"]
[Date "2009.06.13"]
[Round "8"]
[White "Yakovich, Yuri"]
[Black "Genocchio, Daniele"]
[Result "1/2-1/2"]
[WhiteElo "2569"]
[BlackElo "2445"]
[PlyCount "118"]
[EventDate "2009.06.06"]

1. d4 Nf6 2. c4 e5 3. dxe5 Ng4 4. Bf4 Nc6 5. Nf3 Bb4+ 6. Nbd2 Qe7 7. e3 Ngxe5
8. Nxe5 Nxe5 9. Be2 d6 10. O-O a5 11. Nb3 a4 12. a3 Bc3 13. Qc2 Bxb2 14. Qxb2
axb3 15. c5 O-O 16. cxd6 cxd6 17. Qxb3 Bf5 18. Rfd1 Rfc8 19. Rac1 h6 20. h3
Rxc1 21. Rxc1 Be4 22. Qb4 Bc6 23. Rd1 Rd8 24. a4 Qe6 25. a5 Qa2 26. Bf1 Qe6 27.
Bg3 Qf5 28. Be2 Qe6 29. Kh2 Kh8 30. Rd2 f6 31. Qb6 Rc8 32. Rc2 Qd5 33. f3 Ra8
34. a6 bxa6 35. Bxe5 Ba4 36. Rc7 dxe5 37. Bxa6 Qg8 38. Bc4 Qd8 39. Qc5 Bd7 40.
Bf7 Rc8 41. Rxc8 Qxc8 42. Qe7 Bf5 43. e4 Bh7 44. h4 Bg8 45. Bg6 Qb8 46. Qd7 Qf8
47. h5 Bb3 48. g3 Qb8 49. Kh3 Bc4 50. Kg4 Bg8 51. Bf5 Qb3 52. Qd8 Qc4 53. Kh4
Qa2 54. Kg4 Qc4 55. Bc8 Kh7 56. Bf5+ Kh8 57. Bg6 Qe6+ 58. Kh4 Qa2 59. Qf8 Qb3
1/2-1/2

[Event "Festival A"]
[Site "Desenzano del Garda ITA"]
[Date "2009.06.14"]
[Round "9"]
[White "Abasov, Nijat Azad Oglu"]
[Black "Korneev, Oleg"]
[Result "1-0"]
[WhiteElo "2486"]
[BlackElo "2587"]
[PlyCount "93"]
[EventDate "2009.06.06"]

1. e4 e5 2. Nf3 Nc6 3. Bb5 a6 4. Bxc6 dxc6 5. O-O f6 6. d4 exd4 7. Nxd4 c5 8.
Nb3 Qxd1 9. Rxd1 Bg4 10. f3 Be6 11. Be3 b6 12. Nc3 Bd6 13. Rd2 Ne7 14. Rad1
O-O-O 15. Kf2 h5 16. g3 h4 17. Bf4 hxg3+ 18. hxg3 c4 19. Nd4 Bc5 20. Be3 Bd7
21. Kg2 Bh3+ 22. Kf2 Bd7 23. Kg2 g6 24. g4 Bd6 25. Nde2 Rh2+ 26. Kg1 Rdh8 27.
Bxb6 Bxg4 28. fxg4 Rh1+ 29. Kf2 R8h2+ 30. Ke3 Rh3+ 31. Kd4 cxb6 32. Rxh1 Rxh1
33. Kxc4 Kc7 34. Nd4 Be5 35. a4 Nc6 36. Nd5+ Kb7 37. Nxc6 Kxc6 38. Nb4+ Kb7 39.
Rd7+ Kc8 40. Rg7 g5 41. Nxa6 Bxb2 42. Kb5 Rg1 43. Kxb6 Rxg4 44. Nc5 Kd8 45. a5
f5 46. Rg8+ Ke7 47. a6 1-0

[Event "Festival A"]
[Site "Desenzano del Garda ITA"]
[Date "2009.06.14"]
[Round "9"]
[White "Dvirnyy, Danyyil"]
[Black "Yakovich, Yuri"]
[Result "1/2-1/2"]
[WhiteElo "2459"]
[BlackElo "2569"]
[PlyCount "59"]
[EventDate "2009.06.06"]

1. e4 c5 2. Nf3 Nc6 3. d4 cxd4 4. Nxd4 Nf6 5. Nc3 d6 6. Bc4 e6 7. Be3 Be7 8.
Qe2 a6 9. O-O-O Qc7 10. Bb3 Na5 11. g4 b5 12. g5 Nxb3+ 13. axb3 Nd7 14. Nf5
exf5 15. Nd5 Qd8 16. exf5 Bb7 17. f6 gxf6 18. gxf6 Bxd5 19. Rxd5 Nxf6 20. Rf5
Qc8 21. Qf3 Nd7 22. Bd4 Ne5 23. Bxe5 dxe5 24. Rxe5 Ra7 25. Rhe1 Qd8 26. Qc6+
Kf8 27. Qh6+ Ke8 28. Qc6+ Kf8 29. Qh6+ Ke8 30. Qc6+ 1/2-1/2

[Event "Festival A"]
[Site "Desenzano del Garda ITA"]
[Date "2009.06.14"]
[Round "9"]
[White "Genocchio, Daniele"]
[Black "Frolyanov, Dmitry"]
[Result "1-0"]
[WhiteElo "2445"]
[BlackElo "2559"]
[PlyCount "49"]
[EventDate "2009.06.06"]

1. b3 e5 2. Bb2 Nc6 3. c4 Nf6 4. Nf3 e4 5. Nd4 Ne5 6. f4 exf3 7. Nxf3 Nxf3+ 8.
exf3 Be7 9. Qc2 O-O 10. Nc3 d5 11. O-O-O c6 12. Bd3 h6 13. g4 dxc4 14. bxc4 Nd7
15. Ne4 Qa5 16. g5 hxg5 17. h4 gxh4 18. Rdg1 Ne5 19. c5 Ng6 20. Rxg6 fxg6 21.
Qb3+ Kh8 22. Bc4 Bf5 23. Qe3 g5 24. Rxh4+ Bh7 25. Nxg5 1-0

[Event "Festival A"]
[Site "Desenzano del Garda ITA"]
[Date "2009.06.14"]
[Round "9"]
[White "Grigore, George-Gabriel"]
[Black "Grabarczyk, Miroslaw"]
[Result "1/2-1/2"]
[WhiteElo "2542"]
[BlackElo "2469"]
[PlyCount "35"]
[EventDate "2009.06.06"]

1. d4 d5 2. c4 e6 3. Nc3 Nf6 4. cxd5 exd5 5. Bg5 c6 6. e3 Bf5 7. Qf3 Be6 8.
Bxf6 Qxf6 9. Qxf6 gxf6 10. Bd3 Nd7 11. Nf3 Nb6 12. O-O-O Nc8 13. e4 Ne7 14.
exd5 Nxd5 15. Nxd5 Bxd5 16. Rhe1+ Kd7 17. Be4 Bxa2 18. Kc2 1/2-1/2

[Event "Festival A"]
[Site "Desenzano del Garda ITA"]
[Date "2009.06.14"]
[Round "9"]
[White "Khairullin, Ildar"]
[Black "Sveshnikov, Evgeny E."]
[Result "1/2-1/2"]
[WhiteElo "2606"]
[BlackElo "2554"]
[PlyCount "83"]
[EventDate "2009.06.06"]

1. e4 c5 2. Nf3 Nc6 3. Nc3 e5 4. Bc4 Be7 5. d3 d6 6. O-O Nf6 7. h3 O-O 8. a3
Bd7 9. Bg5 Nd4 10. Nxd4 cxd4 11. Bxf6 Bxf6 12. Nd5 b5 13. Bb3 a5 14. c3 dxc3
15. bxc3 Bg5 16. d4 Rc8 17. Qd3 Kh8 18. a4 bxa4 19. Bxa4 Be6 20. Bb3 f5 21.
dxe5 dxe5 22. exf5 Bxf5 23. Qe2 e4 24. Rfd1 Rc5 25. Ra4 Qe8 26. Rad4 Qg6 27.
Bc2 e3 28. Bxf5 exf2+ 29. Qxf2 Qxf5 30. Qxf5 Rxf5 31. c4 Rf8 32. h4 Bh6 33. Ra1
g5 34. Ra4 gxh4 35. Rxh4 Bg5 36. Rh3 Rfc8 37. Rb3 Bd8 38. Rb7 Bh4 39. Kh2 Rxc4
40. Rxa5 Rg8 41. Ra3 Rcg4 42. Raa7 1/2-1/2

[Event "Festival A"]
[Site "Desenzano del Garda ITA"]
[Date "2009.06.14"]
[Round "9"]
[White "Lenic, Luka"]
[Black "Valsecchi, Alessio"]
[Result "1-0"]
[WhiteElo "2574"]
[BlackElo "2363"]
[PlyCount "85"]
[EventDate "2009.06.06"]

1. d4 Nf6 2. c4 g6 3. Nf3 Bg7 4. b4 O-O 5. Bb2 d6 6. e3 c5 7. a3 cxd4 8. exd4
Nh5 9. g3 e5 10. Bg2 e4 11. Nfd2 f5 12. O-O Nc6 13. Nb3 f4 14. Bxe4 Bh3 15. Bg2
Qd7 16. N1d2 Rae8 17. Re1 fxg3 18. fxg3 Rxe1+ 19. Qxe1 Bxg2 20. Kxg2 Qg4 21.
Qe4 Nf6 22. Qf3 Re8 23. Rf1 Qxf3+ 24. Kxf3 Bh6 25. d5 Ne5+ 26. Kg2 Nfg4 27. Bd4
Nd7 28. Kh3 Nge5 29. c5 Bf8 30. Ne4 Nf7 31. Nbd2 Rc8 32. Rc1 Be7 33. c6 bxc6
34. dxc6 Nde5 35. b5 d5 36. Nc3 Bg5 37. Rc2 Nd3 38. Nf3 h5 39. Nxd5 Bd8 40. c7
g5 41. cxd8=Q+ Rxd8 42. Nf6+ Kf8 43. Nxh5 1-0

[Event "Festival A"]
[Site "Desenzano del Garda ITA"]
[Date "2009.06.14"]
[Round "9"]
[White "Malaniuk, Vladimir P."]
[Black "Rombaldoni, Axel"]
[Result "1-0"]
[WhiteElo "2523"]
[BlackElo "2363"]
[PlyCount "79"]
[EventDate "2009.06.06"]

1. d4 Nf6 2. Nf3 g6 3. c4 Bg7 4. Nc3 d5 5. e3 O-O 6. b4 a5 7. b5 c5 8. bxc6
Nxc6 9. Bb2 a4 10. Ba3 Re8 11. Be2 Qa5 12. Qd2 dxc4 13. Bxc4 e5 14. O-O exd4
15. Nxd4 Nxd4 16. exd4 Bf5 17. Qb2 Rec8 18. Bb4 Qb6 19. Bb5 Qxd4 20. Rad1 Qe5
21. Qe2 Qxe2 22. Bxe2 Be6 23. Bf3 Rc4 24. a3 Rxb4 25. axb4 a3 26. Bxb7 Rb8 27.
Bf3 Nd7 28. Bd5 Bf5 29. Na2 Ne5 30. Rfe1 Rc8 31. Re3 Bc2 32. Rde1 Rd8 33. Rxe5
Bxe5 34. Rxe5 Bb1 35. h3 Kg7 36. Nc3 Rd7 37. b5 Rc7 38. Re3 a2 39. Bxa2 Rxc3
40. Rxc3 1-0

[Event "Festival A"]
[Site "Desenzano del Garda ITA"]
[Date "2009.06.14"]
[Round "9"]
[White "Rasmussen, Allan Stig"]
[Black "Sulava, Nenad"]
[Result "1-0"]
[WhiteElo "2501"]
[BlackElo "2521"]
[PlyCount "103"]
[EventDate "2009.06.06"]

1. e4 g6 2. d4 Bg7 3. Nc3 d6 4. Nge2 Nf6 5. h3 Nc6 6. Be3 e5 7. g4 d5 8. dxe5
Nxe5 9. Bg2 O-O 10. exd5 Nc4 11. Bc1 h5 12. Qd3 Nd6 13. Bg5 hxg4 14. O-O-O Bf5
15. Qd4 gxh3 16. Bxh3 Bxh3 17. Rxh3 Nf5 18. Qd3 Re8 19. Rdh1 Qd6 20. f3 Qb6 21.
b3 Qa5 22. Ne4 Nxd5 23. Qxd5 Qxd5 24. Nf6+ Kf8 25. Nxd5 f6 26. Bd2 Rad8 27.
Ndc3 Kf7 28. Ne4 g5 29. N2c3 Kg6 30. Rg1 Nd4 31. Rg2 Rh8 32. Rxh8 Rxh8 33. f4
Nf3 34. fxg5 f5 35. Nf6 Rh1+ 36. Nd1 Bf8 37. c3 Bd6 38. Nd5 Rf1 39. N5e3 Rh1
40. Nd5 Rf1 41. N5e3 Rh1 42. Nc4 Nxd2 43. Nxd6 Nf1 44. Nf2 Rh5 45. Nxb7 Ne3 46.
Rg1 Rh2 47. Nd1 Ng4 48. a4 Ne5 49. Nc5 f4 50. Rf1 f3 51. Ne4 Kf5 52. Ndf2 1-0

[Event "Festival A"]
[Site "Desenzano del Garda ITA"]
[Date "2009.06.14"]
[Round "9"]
[White "Romanishin, Oleg M."]
[Black "Drazic, Sinisa"]
[Result "1/2-1/2"]
[WhiteElo "2501"]
[BlackElo "2533"]
[PlyCount "27"]
[EventDate "2009.06.06"]

1. Nf3 Nf6 2. g3 b6 3. d4 Bb7 4. c4 e6 5. Bg2 Bb4+ 6. Bd2 c5 7. Bxb4 cxb4 8.
O-O O-O 9. Qd3 Qc7 10. Nbd2 d6 11. Nh4 Bxg2 12. Nxg2 Nbd7 13. Ne3 Rfe8 14. a3
1/2-1/2

[Event "I Festival A"]
[Site "Bisaccia ITA"]
[Date "2009.05.29"]
[Round "1"]
[White "Ariete, Gerardo"]
[Black "Lazic, Miroljub"]
[Result "0-1"]
[WhiteElo "2022"]
[BlackElo "2438"]
[PlyCount "98"]
[EventDate "2009.05.29"]

1. d4 d5 2. c4 e6 3. Nc3 c6 4. e3 Nf6 5. Nf3 Nbd7 6. Bd3 dxc4 7. Bxc4 b5 8. Be2
a6 9. O-O Bb7 10. b3 c5 11. Bb2 Be7 12. dxc5 Bxc5 13. Nd4 Qb6 14. Bf3 Bxd4 15.
exd4 O-O 16. Bxb7 Qxb7 17. Qd3 Nb6 18. Rad1 Nbd5 19. Ne4 Nxe4 20. Qxe4 Rac8 21.
f4 Qd7 22. Rde1 g6 23. Rc1 Qd6 24. Rc5 Rxc5 25. dxc5 Qxc5+ 26. Kh1 Qe3 27. Qxe3
Nxe3 28. Rc1 Nd5 29. g3 Ra8 30. Kg2 Kf8 31. Kf3 Ke7 32. h4 h5 33. Bd4 Kd7 34.
g4 hxg4+ 35. Kxg4 b4 36. Rc4 a5 37. Kg5 a4 38. Bc5 axb3 39. axb3 Rh8 40. Kg4
Rc8 41. Kf3 f5 42. Ke2 Rh8 43. Bf2 Ra8 44. Be1 Ra2+ 45. Kd3 Rb2 46. Kd4 Rxb3
47. Ke5 Rb1 48. Bd2 b3 49. Ra4 b2 0-1

[Event "I Festival A"]
[Site "Bisaccia ITA"]
[Date "2009.05.29"]
[Round "1"]
[White "Bove, Raffaele"]
[Black "Aleksic, Nenad"]
[Result "0-1"]
[WhiteElo "1993"]
[BlackElo "2365"]
[PlyCount "82"]
[EventDate "2009.05.29"]

1. e4 c5 2. Nf3 d6 3. c3 Nf6 4. Be2 Nbd7 5. d3 b6 6. Bf4 Bb7 7. O-O e6 8. Re1
Be7 9. Bf1 O-O 10. Nbd2 Nh5 11. Be3 Nhf6 12. Bf4 Qc7 13. h3 Rad8 14. Rc1 Rfe8
15. d4 Qb8 16. e5 Nd5 17. Bh2 cxd4 18. cxd4 dxe5 19. Nxe5 Nxe5 20. Bxe5 Bd6 21.
Nc4 Bxe5 22. Nxe5 Nf6 23. Qa4 Rd6 24. Rc4 Bxg2 25. Qc2 Bxf1 26. Rxf1 Nd5 27.
Rc1 Qd8 28. Rc8 Qg5+ 29. Kh1 Rdd8 30. Rxd8 Rxd8 31. Rg1 Qh4 32. Rg3 h6 33. Qd1
Qe4+ 34. f3 Qe3 35. Ng4 Qf4 36. Qg1 Ne7 37. Ne5 Nf5 38. Rg4 Qd2 39. Nc6 Rd6 40.
Ne5 Rxd4 41. Rg2 Qf4 0-1